[Event "Gaia Profigaia op 18th"]
[Site "Vila Nova de Gaia"]
[Date "2018.06.29"]
[Round "4"]
[White "Sa, Luis Afonso"]
[Black "Alves, Paulo"]
[Result "1-0"]
[WhiteElo "1490"]
[BlackElo "1244"]
[PlyCount "89"]
[EventDate "2018.06.27"]
[EventType "swiss"]
[EventRounds "7"]
[EventCountry "POR"]
[SourceTitle "CBM 185 Extra"]
[Source "ChessBase"]
[SourceDate "2018.07.29"]
[SourceVersion "1"]
[SourceVersionDate "2018.07.29"]
[SourceQuality "1"]

1. e4 c5 2. Nc3 d6 3. g3 Nc6 4. Bg2 Nf6 5. Nge2 e5 6. d3 Be7 7. 0-0 0-0 8. h3 Be6 9. f4 Qb6 10. Kh2 c4 11. f5 cxd3 12. cxd3 Bd7 13. g4 h6 14. Ng3 Nd4 15. h4 Rac8 16. g5 hxg5 17. hxg5 Nh7 18. Qh5 Be8 19. Nd5 Qd8 20. g6 fxg6 21. fxg6 Bxg6 22. Qxg6 Rxf1 23. Nxf1 Rc2 24. Bh6 Bf8 25. Nfe3 Rxb2 26. Qg3 Ne2 27. Qg4 Kh8 28. Nf5 gxh6 29. Nde7 Ng5 30. Qh5 Nf4 31. Ng6+ Nxg6 32. Qxg6 Nf3+ 33. Kh1 Qg5 34. Qxg5 Nxg5 35. Rc1 Rxa2 36. Rc8 Ne6 37. Nxd6 Kg7 38. Nxb7 Be7 39. Bh3 Kf6 40. Rc6 Kg5 41. Rxe6 Bf6 42. Nd6 Rf2 43. Kg1 Rf3 44. Bg2 Rxd3 45. Nf7+ 1-0

[Event "POR-ch U18"]
[Site "Luso"]
[Date "2018.03.28"]
[Round "7"]
[White "Pinto, Andre Jorge PA Nuno"]
[Black "Sa, Luis Afonso"]
[Result "0-1"]
[WhiteElo "1220"]
[BlackElo "1531"]
[PlyCount "102"]
[EventDate "2018.03.24"]
[EventType "swiss"]
[EventRounds "7"]
[EventCountry "POR"]
[SourceTitle "EXT 2019"]
[Source "ChessBase"]
[SourceDate "2018.10.10"]
[SourceVersion "1"]
[SourceVersionDate "2018.10.10"]
[SourceQuality "1"]

1. e4 c5 2. Nc3 Nc6 3. Nf3 g6 4. d4 cxd4 5. Nxd4 Bg7 6. Nxc6 bxc6 7. Bc4 d6 8. 0-0 Nf6 9. Re1 Qc7 10. Bf4 e5 11. Bg5 0-0 12. Qc1 Be6 13. Bb3 Rfe8 14. Bxf6 Bxf6 15. Ba4 Red8 16. f4 exf4 17. Qxf4 Qb6+ 18. Kh1 Be5 19. Qc1 Qf2 20. Qe3 Qxe3 21. Rxe3 Rac8 22. Bb3 Re8 23. Rb1 Re7 24. Rd3 Bxb3 25. axb3 Rce8 26. h3 Re6 27. Rbd1 Kg7 28. Kg1 c5 29. Rf3 Rd8 30. Kh1 Bxc3 31. Rxc3 Rxe4 32. Rxc5 dxc5 33. Rxd8 Re2 34. Ra8 Rxc2 35. Rxa7 Rxb2 36. Ra5 Rc2 37. Ra4 Kf6 38. Ra7 Rc3 39. Rc7 Ke6 40. b4 cxb4 41. Rb7 b3 42. Kh2 h5 43. Rb6+ Kd5 44. Rb7 Ke4 45. Re7+ Kd3 46. Rxf7 b2 47. Rg7 b1Q 48. Rxg6 Qb8+ 49. Rg3+ Ke4 50. h4 Qxg3+ 51. Kg1 Rc1# 0-1

[Event "POR-ch U18"]
[Site "Luso"]
[Date "2018.03.24"]
[Round "1"]
[White "Jorge, Rita Maria Osorio"]
[Black "Sa, Luis Afonso"]
[Result "1-0"]
[WhiteElo "1960"]
[BlackElo "1531"]
[PlyCount "103"]
[EventDate "2018.03.24"]
[EventType "swiss"]
[EventRounds "7"]
[EventCountry "POR"]
[SourceTitle "EXT 2019"]
[Source "ChessBase"]
[SourceDate "2018.10.10"]
[SourceVersion "1"]
[SourceVersionDate "2018.10.10"]
[SourceQuality "1"]

1. e4 c5 2. Nf3 Nc6 3. d3 g6 4. g3 Bg7 5. Bg2 e6 6. 0-0 Nge7 7. a3 0-0 8. c3 d5 9. Qe2 Bd7 10. e5 Qc7 11. Re1 f6 12. exf6 Bxf6 13. Bf4 Qb6 14. Bh6 Rfe8 15. h4 Nf5 16. Bg5 Bxg5 17. Nxg5 h6 18. Nh3 c4 19. d4 Rf8 20. Qc2 Rf6 21. Nd2 Raf8 22. Nf3 Kg7 23. Qe2 Qc7 24. Nh2 h5 25. Qd2 Nce7 26. Qg5 Ng8 27. g4 Nfe7 28. Qe3 hxg4 29. Nxg4 Nf5 30. Qg5 R6f7 31. h5 Nfe7 32. Qe5+ Qxe5 33. Nxe5 Nc6 34. Nxf7 Rxf7 35. Ng5 Rf6 36. hxg6 Rxg6 37. Nf3 e5 38. dxe5 Bh3 39. Nh4 Rg4 40. Kh2 Bxg2 41. Nxg2 Nge7 42. Rad1 Kg6 43. f4 Nd8 44. Rf1 Kh5 45. Ne3 Rh4+ 46. Kg3 Ne6 47. Rh1 Rxh1 48. Rxh1+ Kg6 49. Kg4 Ng7 50. Rh8 Ne6 51. f5+ Kg7 52. Rh1 1-0

[Event "POR-ch U16"]
[Site "Luso"]
[Date "2017.04.11"]
[Round "6"]
[White "Nunes, Eduardo Tavares"]
[Black "Sa, Luis Afonso"]
[Result "0-1"]
[WhiteElo "1475"]
[BlackElo "1551"]
[PlyCount "79"]
[EventDate "2017.04.08"]
[EventType "swiss"]
[EventRounds "7"]
[EventCountry "POR"]
[SourceTitle "EXT 2018"]
[Source "ChessBase"]
[SourceDate "2017.10.13"]
[SourceVersion "1"]
[SourceVersionDate "2017.10.13"]
[SourceQuality "1"]

1. e4 c5 2. Nf3 Nc6 3. d4 cxd4 4. Nxd4 g6 5. Nc3 Bg7 6. Be3 Nf6 7. Bc4 Qa5 8. 0-0 0-0 9. Bb3 d6 10. Qd2 Ng4 11. Nxc6 bxc6 12. Rae1 Ba6 13. Ne2 Qh5 14. h3 Nxe3 15. Qxe3 Bh6 16. f4 e5 17. g4 Qh4 18. g5 exf4 19. Qxf4 Qxg5+ 20. Qxg5 Bxg5 21. Rf3 Bd2 22. Rff1 Bxe1 23. Rxe1 Bxe2 24. Rxe2 Kg7 25. Rd2 Rfd8 26. Rf2 d5 27. exd5 cxd5 28. c3 f5 29. Rd2 Kf6 30. Rxd5 Rxd5 31. Bxd5 Rd8 32. c4 Ke5 33. Kf2 h6 34. Ke3 g5 35. Kf3 h5 36. b4 Rxd5 37. cxd5 Kxd5 38. a3 Kc4 39. Ke3 f4+ 40. Kf3 0-1

[Event "POR-ch U16"]
[Site "Luso"]
[Date "2017.04.10"]
[Round "4"]
[White "Filipe, Pedro Rafael"]
[Black "Sa, Luis Afonso"]
[Result "0-1"]
[WhiteElo "1351"]
[BlackElo "1551"]
[PlyCount "84"]
[EventDate "2017.04.08"]
[EventType "swiss"]
[EventRounds "7"]
[EventCountry "POR"]
[SourceTitle "EXT 2018"]
[Source "ChessBase"]
[SourceDate "2017.10.13"]
[SourceVersion "1"]
[SourceVersionDate "2017.10.13"]
[SourceQuality "1"]

1. d4 Nf6 2. Bg5 Ne4 3. Nf3 Nxg5 4. Nxg5 e5 5. Nf3 e4 6. Nfd2 d5 7. e3 Bd6 8. Be2 0-0 9. 0-0 c6 10. c4 Qg5 11. g3 Nd7 12. Re1 Re8 13. Bf1 f5 14. Nc3 Nf6 15. Bg2 Be6 16. Nf1 dxc4 17. f3 Bd7 18. Nd2 exf3 19. Nxf3 Qh6 20. Qd2 Ne4 21. Nxe4 fxe4 22. Ne5 Bxe5 23. dxe5 Bf5 24. Qd4 Qe6 25. Bf1 b5 26. a4 Qxe5 27. axb5 Qxd4 28. exd4 cxb5 29. Ra5 a6 30. Bxc4+ bxc4 31. Rxf5 Rab8 32. Re5 Rxe5 33. dxe5 Rxb2 34. Rd1 Kf7 35. Kf1 c3 36. Rc1 c2 37. Ke2 Ke6 38. Kd2 Kxe5 39. Rxc2 Rxc2+ 40. Kxc2 Kd4 41. Kd2 e3+ 42. Ke2 a5 0-1

[Event "Gaia Profigaia op 9th"]
[Site "Vila Nova de Gaia"]
[Date "2016.06.25"]
[Round "3"]
[White "Soares, Joao Diogo Pedreiro"]
[Black "Sa, Luis Afonso"]
[Result "1-0"]
[WhiteElo "1785"]
[BlackElo "1504"]
[PlyCount "97"]
[EventDate "2016.06.24"]
[EventType "swiss"]
[EventRounds "7"]
[EventCountry "POR"]
[SourceTitle "EXT 2018"]
[Source "ChessBase"]
[SourceDate "2017.10.13"]
[SourceVersion "1"]
[SourceVersionDate "2017.10.13"]
[SourceQuality "1"]

1. e4 c5 2. Nf3 Nc6 3. g3 g6 4. Bg2 Bg7 5. 0-0 e6 6. Re1 Nge7 7. c3 0-0 8. d4 cxd4 9. cxd4 d5 10. e5 Qb6 11. b3 Bd7 12. Nc3 Rac8 13. Bb2 Nf5 14. Na4 Qd8 15. Qd2 b6 16. Ba3 Re8 17. Nc3 Na5 18. Bf1 Bh6 19. Qd3 Qc7 20. Bb2 Qb7 21. Bc1 Bf8 22. Bd2 Nc6 23. Rec1 Nb4 24. Qe2 Nc6 25. Qd3 Ba3 26. g4 Nb4 27. Qe2 Bxc1 28. Rxc1 Ng7 29. a3 Nc6 30. Nb5 Qa6 31. Nd6 Qxa3 32. Ng5 Nxd4 33. Qe3 Rxc1 34. Bxc1 Qc5 35. Ngxf7 Re7 36. Qf4 Ngf5 37. gxf5 Nxf5 38. Nh6+ Nxh6 39. Qxh6 Qb4 40. Qg5 Bc6 41. Bd2 Qd4 42. h3 Rd7 43. Be3 Qd1 44. Qf6 d4 45. Qxe6+ Kg7 46. Qf6+ Kg8 47. Bh6 Qf3 48. Bc4+ Rf7 49. Bxf7# 1-0

[Event "Gaia Profigaia op 8th"]
[Site "Vila Nova de Gaia"]
[Date "2015.07.03"]
[Round "9"]
[White "Sa, Luis Afonso"]
[Black "Martins, Diogo Faria Oliveir"]
[Result "0-1"]
[WhiteElo "1490"]
[BlackElo "1709"]
[PlyCount "122"]
[EventDate "2015.06.27"]
[EventType "swiss"]
[EventRounds "9"]
[EventCountry "POR"]
[SourceTitle "EXT 2018"]
[Source "ChessBase"]
[SourceDate "2017.10.13"]
[SourceVersion "1"]
[SourceVersionDate "2017.10.13"]
[SourceQuality "1"]

1. e4 c5 2. Nf3 g6 3. d4 cxd4 4. Nxd4 Nc6 5. Be3 Nf6 6. Nc3 Bg7 7. Bc4 Qa5 8. 0-0 0-0 9. Bb3 d6 10. h3 Bd7 11. f4 Nxd4 12. Bxd4 Bc6 13. Qd3 Rad8 14. Nd5 Bxd5 15. exd5 Nd7 16. c3 Nc5 17. Bxc5 Qxc5+ 18. Kh1 b5 19. Rae1 Bf6 20. g4 h6 21. f5 g5 22. Bc2 Rd7 23. Rf3 b4 24. Rfe3 bxc3 25. bxc3 Rc8 26. Ba4 Rb7 27. Bc6 Rb2 28. a4 Rcb8 29. Bb5 Rb3 30. Qc2 Qxd5+ 31. Kg1 Ra3 32. Qd3 Qxd3 33. Rxd3 Rc8 34. Rc1 Rcxc3 35. Rdxc3 Rxc3 36. Rxc3 Bxc3 37. Bc4 Kg7 38. Kg2 Kf6 39. Kf3 e6 40. Bd3 d5 41. Bc2 Bd2 42. Bb3 Bf4 43. Ke2 Ke5 44. Kd3 a5 45. Ba2 Bc1 46. fxe6 fxe6 47. Ke2 Kd4 48. Kd1 Bf4 49. Ke2 e5 50. Bb1 e4 51. Bc2 Ke5 52. Kf2 d4 53. Bd1 d3 54. h4 gxh4 55. g5 hxg5 56. Bg4 Kd4 57. Ke1 e3 58. Bf5 e2 59. Bxd3 Kxd3 60. Kf2 g4 61. Kg2 e1R 0-1

[Event "Gaia Profigaia op 8th"]
[Site "Vila Nova de Gaia"]
[Date "2015.06.30"]
[Round "6"]
[White "Guimaraes, Rui"]
[Black "Sa, Luis Afonso"]
[Result "1-0"]
[WhiteElo "2118"]
[BlackElo "1490"]
[PlyCount "103"]
[EventDate "2015.06.27"]
[EventType "swiss"]
[EventRounds "9"]
[EventCountry "POR"]
[SourceTitle "EXT 2018"]
[Source "ChessBase"]
[SourceDate "2017.10.13"]
[SourceVersion "1"]
[SourceVersionDate "2017.10.13"]
[SourceQuality "1"]

1. e4 e5 2. Bc4 Bc5 3. d3 Nf6 4. Nc3 c6 5. Bg5 d6 6. Qf3 Bg4 7. Qg3 Bh5 8. Nge2 h6 9. Bd2 Bg6 10. 0-0 Nbd7 11. Kh1 0-0 12. Qxg6 d5 13. Qg3 dxc4 14. Bxh6 Nh5 15. Qh3 Ndf6 16. Bg5 cxd3 17. cxd3 Qd7 18. Qh4 Qg4 19. f4 Qxh4 20. Bxh4 Ng4 21. fxe5 g5 22. Rf5 Be3 23. Bxg5 Nf2+ 24. Rxf2 Bxf2 25. d4 f6 26. exf6 Nxf6 27. Rf1 Ng4 28. h3 Be3 29. Rxf8+ Rxf8 30. Bxe3 Nxe3 31. g4 Rf1+ 32. Kh2 b5 33. b4 Nd1 34. Kg2 Re1 35. d5 Nxc3 36. Nxc3 Re3 37. Nd1 Rxe4 38. dxc6 Rc4 39. Kf3 Rxc6 40. h4 Rc4 41. a3 Kg7 42. h5 Kh6 43. Ne3 Rc3 44. Kf4 Rc1 45. Nf5+ Kh7 46. g5 Rf1+ 47. Ke5 Rh1 48. g6+ Kh8 49. Kf6 Rxh5 50. g7+ Kh7 51. Ne7 Rh6+ 52. Kf7 1-0

[Event "Gaia Profigaia op 6th"]
[Site "Vila Nova de Gaia"]
[Date "2013.07.08"]
[Round "5.18"]
[White "Silva, Armando Sousa"]
[Black "Sa, Luis Afonso"]
[Result "1/2-1/2"]
[WhiteElo "2006"]
[BlackElo "1459"]
[PlyCount "261"]
[EventDate "2013.07.06"]
[EventType "swiss"]
[EventRounds "9"]
[EventCountry "POR"]
[SourceTitle "EXT 2015"]
[Source "ChessBase"]
[SourceDate "2014.11.20"]
[SourceVersion "1"]
[SourceVersionDate "2014.11.20"]
[SourceQuality "1"]

1. b4 Nf6 2. Bb2 e6 3. a3 Be7 4. g3 0-0 5. Bg2 d5 6. Nf3 Nbd7 7. 0-0 c5 8. bxc5 Nxc5 9. d3 Na4 10. Be5 Ng4 11. Bd4 Bf6 12. c3 Bd7 13. h3 Bxd4 14. cxd4 Nf6 15. Qb3 Qb6 16. Nbd2 Qxb3 17. Nxb3 Rac8 18. Rfc1 Nc3 19. Kf1 b6 20. Rc2 Rc7 21. Rac1 Rfc8 22. Nfd2 Ba4 23. Bf3 Nb5 24. Rxc7 Rxc7 25. Rxc7 Nxc7 26. Na1 Nb5 27. Nb1 Nxd4 28. Nc3 Nxf3 29. Nxa4 Nd4 30. e3 Nc6 31. Nb3 Kf8 32. Ke2 Ke7 33. Kd2 Kd6 34. Kc3 Nd7 35. d4 e5 36. Kd3 e4+ 37. Kd2 Nf8 38. Nc3 a6 39. Na4 Nd7 40. Kc3 Na7 41. Kb2 Nb5 42. Na1 Kc6 43. Nc2 a5 44. Kb3 Nb8 45. Nb2 Na6 46. Nd1 Nd6 47. a4 Nc4 48. Nc3 Nd2+ 49. Ka3 Nf3 50. Kb3 Ng1 51. h4 Nh3 52. Nd1 Nc7 53. Ne1 b5 54. axb5+ Nxb5 55. Ka4 Kb6 56. Nc2 Nd6 57. Na1 Nc4 58. Nb3 Ka6 59. Nc5+ Kb6 60. Nb3 Ka6 61. Nc5+ Ka7 62. Kb5 Kb8 63. Nb3 Kc7 64. Nxa5 Nxa5 65. Kxa5 Kc6 66. Ka6 h6 67. Ka5 f6 68. Ka6 h5 69. Ka5 g5 70. Kb4 gxh4 71. gxh4 Ng1 72. Nc3 Nf3 73. Kb3 Nxh4 74. Kc2 Nf3 75. Kd1 h4 76. Ke2 h3 77. Kf1 Nh4 78. Kg1 Nf3+ 79. Kh1 Ng5 80. Kh2 f5 81. Kh1 Ne6 82. Kh2 f4 83. Kxh3 fxe3 84. fxe3 Ng5+ 85. Kg4 Nf7 86. Kf4 Kd6 87. Nxe4+ dxe4 88. Kxe4 Ng5+ 89. Kf4 Ne6+ 90. Ke4 Ng5+ 91. Kd3 Kd5 92. Kc3 Nf3 93. Kd3 Nxd4 94. exd4 Kd6 95. Ke4 Ke6 96. d5+ Kd6 97. Kd4 Kd7 98. Kc3 Kd6 99. Kc4 Kd7 100. Kc5 Kc7 101. Kb4 Kd6 102. Kc4 Kd7 103. Kd3 Kd6 104. Ke4 Kd7 105. Kd3 Kd6 106. Ke4 Kd7 107. Ke5 Ke7 108. Kd4 Kd6 109. Ke4 Kd7 110. Ke5 Ke7 111. Kd4 Kd6 112. Ke4 Kd7 113. Ke5 Ke7 114. Kd4 Kd6 115. Ke4 Kd7 116. Ke5 Ke7 117. d6+ Kd7 118. Kd5 Kd8 119. Ke6 Ke8 120. Kd5 Kd7 121. Kc5 Kd8 122. Kd5 Kd7 123. Ke5 Kd8 124. Ke6 Ke8 125. Ke5 Kd7 126. Kd5 Kd8 127. Kc5 Kd7 128. Kd5 Kd8 129. Ke6 Ke8 130. d7+ Kd8 131. Kd6 1/2-1/2